000 00269nam a22001217a 4500
008 170830b xxu||||| |||| 00| 0 eng d
041 _aeng
080 _a070
100 _a39
101 _aMED
245 _aMASS MEDIA MASS CULTURE
_cWILSON.J.R
942 _2udc
_cBK
999 _c25515
_d25515